000 00649nam a2200181Ia 4500
008 100920s9999 xx 000 0 und d
082 _b103959
_a891.43 14
100 _aभाटिया सुदर्शन.
245 _aवीर धनुर्धर रॉबिनहुड.
260 _bराज बुक साहित्य,दिल्ली.
_c4814
300 _a160
_bसाधी
365 _b175
520 _aहिंदी.
630 _aवीर धनुर्धर रॉबिनहुड.
650 _aहिंदी.
730 _aवीर धनुर्धर रॉबिनहुड.
942 _cBOOK
999 _c744391
_d744388